000 00708nam a2200277Ia 4500
001 3612
003 7264
005 20240712154732.0
008 ||||||n9999 ||| || ||
041 _aspa
082 _219
_a331122
110 _aOficina Internacional del Trabajo
_96642
245 0 _aAumento de la productividad en la industria manufacturera
250 _a5ed
260 _aSuiza :
_bAtar,
_c1970.
300 _a408p
490 _aEstudios y documentos
562 _e1
650 _aINDUSTRIA--CALDAS (COLOMBIA)--PUBLICACIONES SERIADAS
_93051
650 _aPRODUCTIVIDAD DEL TRABAJO
_96670
942 _cBKM
942 _cBKM
999 _c3612
_d3612
526 _a4969
526 _a51868
526 _a1697